Any pont entre dues legislatures /

Guardado en:
書目詳細資料
主要作者: Domínguez Garcia, Fernando
格式: Texto
標簽: 添加標簽
沒有標簽, 成為第一個標記此記錄!

MARC

LEADER 00000 a a2200000 04500
001 43843
003
040
100 |a Domínguez Garcia, Fernando  
245 |a Any pont entre dues legislatures /  |c Fernando Domínguez Garcia  
773 |g (2010), páginas 43-74 : tablas, gráficos  
999 |c 22791  |d 22791